Serbian-Yugoslav 1990s Music Quiz: Name the Artist - Statistics

General Stats
  • This quiz has been taken 34 times
  • The average score is 8 of 30
Answer Stats
Song Release Date Artist % Correct
Lična karta 1998 Aca Lukas & Futa Band
76%
Ginem, ginem 1999 Nedeljko Bajić Baja
76%
Beograd 1995 Ceca
69%
Moji drugovi 1994 Bajaga & Instruktori
62%
Nedelja 1991 Džej Ramadanovski
59%
Zavoleh te 1996 Ana Bekuta
45%
200 na sat 1994 Ivan Gavrilović
41%
Oči boje duge 1995 Dr Iggy
38%
Olovna ruka 1997 B3
31%
Pola vino pola voda 1998 Bane Bojanić
28%
Habanera 1999 Željko Joksimović
28%
Do poslednjeg daha 1993 Dragana Mirković
24%
Biću tvoja devojka 1996 K2
24%
Hajde da... 1995 Bebi Dol
21%
Neko te ima 1991 Van Gogh
21%
Samo želim da znam 1995 Dee Monk
17%
Da me ljubiš noćima 1999 Luna
17%
Slutim 1995 Željko Samardžić
17%
Budi tu 1996 Funky G
14%
Idi iz života mog 1995 Indira Radić
14%
Koliba il' dvor 1992 Marinko Rokvić
14%
Žena kose duge 1994 Sinan Sakić
14%
Ti lutko moja 1995 Željko Šašić
14%
Snage mi ponestaje 1998 Energija
10%
Gde da pobegnem 1991 Osvajači
10%
Deset godina 1991 Toni Montano
10%
Izaberi 1995 Gala
7%
Biću tu 1996 Gru
7%
Samo teraj ti po svome 1990 Viktorija
7%
Otkini Baby 1994 Hanny
3%
No matching quizzes found
Score Distribution
Percent of People with Each Score
Percentile by Number Answered
Your Score History
You have not taken this quiz